Indian Geography/ (Record no. 176927)

MARC details
000 -LEADER
fixed length control field 00592nam a22001817a 4500
005 - DATE AND TIME OF LATEST TRANSACTION
control field 20210202172133.0
010 ## - LCCN (DPL NO)
LC control number ENG-128926
020 ## - INTERNATIONAL STANDARD BOOK NUMBER
Terms of availability 699.00
International Standard Book Number 978-93-86720-10-8
035 ## - SYSTEM CONTROL NUMBER
System control number EN-112458
037 ## - SOURCE OF ACQUISITION
Source of stock number/acquisition DBAD/PUB
082 ## - DEWEY DECIMAL CLASSIFICATION NUMBER
Classification number 915.4
245 ## - TITLE STATEMENT
Title Indian Geography/
Remainder of title Edited by Russel Bordoloi
260 ## - PUBLICATION, DISTRIBUTION, ETC. (IMPRINT)
Place of publication, distribution, etc Ghaziabad
Name of publisher, distributor, etc Rathore Publishers & Distributors
Date of publication, distribution, etc 2019
270 ## - ADDRESS
City Ghaziabad
Postal code 201010
Address Basement, 260, Shaktikand-III, Indirapuram
Electronic mail address rathorepublishrs@gmail.com
300 ## - PHYSICAL DESCRIPTION
Extent 195p.
Dimensions 25cm(hbk)
700 ## - ADDED ENTRY--PERSONAL NAME
Personal name Bordoloi, Russel ,Ed.
942 ## - ADDED ENTRY ELEMENTS (KOHA)
Source of classification or shelving scheme Dewey Decimal Classification
Item type English Books
Classification part 915.4
Call number suffix IND
Holdings
Withdrawn status Lost status Not for loan Collection code Home library Current library Date acquired Source of acquisition Cost, normal purchase price Full call number Barcode Copy number Cost, replacement price Koha item type
      Non-fiction Sarojini Nagar Sarojini Nagar 02/02/2021 DBAD/PUB 699.00 915.4 IND EN-112458 1 699.00 English Books

© Delhi Public Library
Hit Counter
free hit counter